00542nam a2200193Ia 450000500170000000800410001704000190005804100120007708200160008910000210010524500490012625000230017526000450019830000180024350400360026165000140029765100270031185000100033820240202103317.0131103s9999 xx 000 0 und d aLoreto College aEnglish a370.15bAUS aAusubel,David P. aEducational Psychology, cDavid P. Ausubel a a cognitive view  aNew YorkbHolt,Rinehart and Winsonc1968 axviii,685 p.  aIncludes bibliography and index aEducation aEducational Psychology aLCLIB